000 00314nam a2200133Ia 4500
005 20251222143117.0
008 251222s9999||||xx |||||||||||||| ||spa||
020 _a84-220-1106-9
082 _a249.76/E91
100 _aEsquerda Bifet, Juan
245 0 _aEl Sacerdocio Hoy:
264 _bCatólica
942 _cLIB
999 _c11383
_d11383